000 00454nam a2200181Ia 4500
003 STCL
008 181203s9999 xx 000 0 und d
020 _a9788182658240
040 _aSTCL
_bEN
_cSTCL
082 _222
100 _aBalakrishnan, K.
245 0 _aഹെർമൻ ഗുണ്ടർട്ട്
246 _aHermann Gundert
260 _bMathrubhumi Books
_aKozhikode
_c2013
300 _a86
546 _aMalayalam
942 _2ddc
_cBK
999 _c85449
_d85449